Essai sur le déchiffrement de l'Ecriture Hieratique de l'Amérique Centrale. Publié para la Société Américaine de France

Gespeichert in:
Bibliographische Detailangaben
1. Verfasser: Rosny, Léon de (VerfasserIn)
Format: Buch
Sprache:Französisch
Veröffentlicht: París Maisonneuve et Cie., Libraires editeurs 1876
Ausgabe:1a. ed
Schlagworte:
Tags: Tag hinzufügen
Keine Tags, Fügen Sie den ersten Tag hinzu!

MARC

LEADER 00000nam a2200000 a 4500
001 UCJ7705
003 CL-VaPUC
008 070124e18760000FR |||||||||||||||||fre|d
082 0 4 |a 980  |b ROS  |2 21 
100 0 |a Rosny, Léon de  |e author  |9 516147 
245 1 0 |a Essai sur le déchiffrement de l'Ecriture Hieratique de l'Amérique Centrale. Publié para la Société Américaine de France 
250 |a 1a. ed 
300 |a 36, xviii p 
942 |c BK 
945 |d 20070124 00:00:00  |a rinostro 
260 |a París  |b Maisonneuve et Cie., Libraires editeurs  |c 1876 
500 |a Formato mayor; se encuentra junto a los 9 tomos de las Antigüedades Mexicanas, en la Sala de Lectura 
650 0 |a Paleografía   |9 264942 
650 0 |a Arqueología   |9 265619 
650 0 |a Aborígenes  |9 329972 
650 0 |a Escritura  |9 264941 
650 0 |a Lenguaje y lenguas  |9 265846 
650 0 |a Ilustraciones  |9 369481 
651 0 |a América Central  |9 255026 
651 7 |a PALENQUE  |2 CL-VaPUC  |9 511050 
583 |a last modification  |c 20121001 12:44:41  |k Rodrigo Vera 
999 |c 323671  |d 323669 
952 |0 0  |1 0  |4 0  |6 980_000000000000000_ROS_1876  |7 0  |8 X  |9 403443  |a FDOBUD  |b FDOBUD  |d 2019-11-22  |i 1067982  |o 980 ROS 1876  |p 1067982  |r 2019-11-22  |w 2019-11-22  |y BK_X  |k BUD